Score 0/31 Timer 06:00
0 Plays Today
Censuses City % Correct
1860-2010Chicago
99.1%
1910-2010Springfield
94.3%
1920-2010Rockford
92.5%
1900-2010Peoria
90.9%
1950-2010Aurora
89.4%
1950-2010Joliet
88.2%
1990-2010Naperville
87.4%
1970-2010Champaign
85.4%
1970-2010Elgin
80.3%
1930-2010Evanston
76%
1930-2010Cicero
75.5%
1990-2010Bloomington
75.5%
1960-2010Waukegan
74%
1930-2010Decatur
72.2%
1910-1980East St. Louis
72%
1980-2010Schaumburg
66.3%
Censuses City % Correct
1960-1970Rock Island
62%
1960-2010Skokie
61.8%
1970-2010Arlington Heights
57.8%
2010Normal
57.7%
1930-2010Oak Park
54.9%
1970-2010Des Plaines
50.6%
2000-2010Bolingbrook
50.2%
2000-2010Palatine
48%
2000-2010Orland Park
42.3%
1970-2010Oak Lawn
41.1%
1950-1970; 2000-2010Berwyn
40.6%
2010Tinley Park
40.5%
1990-2010Wheaton
40.3%
2010Hoffman Estates
33.8%
1980-2010Mount Prospect
30%
Remove Ads.
Support Sporcle.
Get the best of Sporcle when you Go Orange. This ad-free experience offers more features, more stats, and more fun while also helping to support Sporcle. Thank you for becoming a member.

You're not logged in!

Compare scores with friends on all Sporcle quizzes.
OR
Log In

Show Comments

Extras

Top Quizzes Today


Score Distribution

Your Account Isn't Verified!

In order to create a playlist on Sporcle, you need to verify the email address you used during registration. Go to your Sporcle Settings to finish the process.

Report this User

Report this user for behavior that violates our Community Guidelines.

Details: